<?xml version="1.0" encoding="UTF-8"?>
<record
    xmlns:xsi="http://www.w3.org/2001/XMLSchema-instance"
    xsi:schemaLocation="http://www.loc.gov/MARC21/slim http://www.loc.gov/standards/marcxml/schema/MARC21slim.xsd"
    xmlns="http://www.loc.gov/MARC21/slim">

  <leader>00663nam a2200217 i 4500</leader>
  <controlfield tag="001">BINCO</controlfield>
  <controlfield tag="003">CO-MdBIC</controlfield>
  <controlfield tag="005">20220921171540.0</controlfield>
  <controlfield tag="008">220921b2019    spaa|||| |||| 00| 0 spa d</controlfield>
  <datafield tag="020" ind1=" " ind2=" ">
    <subfield code="a">9789585209404</subfield>
  </datafield>
  <datafield tag="040" ind1=" " ind2=" ">
    <subfield code="a">CO-MdBIC</subfield>
    <subfield code="b">spa.</subfield>
    <subfield code="c">CO-MdBIC</subfield>
    <subfield code="d">CO-MdBIC</subfield>
  </datafield>
  <datafield tag="041" ind1=" " ind2=" ">
    <subfield code="a">spa</subfield>
  </datafield>
  <datafield tag="082" ind1=" " ind2=" ">
    <subfield code="2">22</subfield>
    <subfield code="a">891.733</subfield>
    <subfield code="b">T654</subfield>
  </datafield>
  <datafield tag="100" ind1=" " ind2=" ">
    <subfield code="a"> Tolstoi, Lev Nikolaevich, conde</subfield>
    <subfield code="d">1828-1910</subfield>
  </datafield>
  <datafield tag="245" ind1=" " ind2=" ">
    <subfield code="a">Cuanta tierra necesita un hombre</subfield>
    <subfield code="c"> Tolstoi, Lev Nikolaevich</subfield>
  </datafield>
  <datafield tag="264" ind1=" " ind2=" ">
    <subfield code="a">Medell&#xED;n:</subfield>
    <subfield code="b">CONFIAR Cooperativa Financiera</subfield>
    <subfield code="c">&#xA9;2019</subfield>
  </datafield>
  <datafield tag="300" ind1=" " ind2=" ">
    <subfield code="a">31 p&#xE1;ginas :</subfield>
    <subfield code="b">Ilustraciones a color ;</subfield>
    <subfield code="c">10,5cm.</subfield>
  </datafield>
  <datafield tag="490" ind1=" " ind2=" ">
    <subfield code="a">Confiar en la cultura</subfield>
  </datafield>
  <datafield tag="650" ind1=" " ind2=" ">
    <subfield code="x">Cultura</subfield>
  </datafield>
  <datafield tag="942" ind1=" " ind2=" ">
    <subfield code="c">LGB</subfield>
  </datafield>
  <datafield tag="952" ind1=" " ind2=" ">
    <subfield code="0">0</subfield>
    <subfield code="1">0</subfield>
    <subfield code="2">ddc</subfield>
    <subfield code="4">0</subfield>
    <subfield code="7">0</subfield>
    <subfield code="8">GEN</subfield>
    <subfield code="a">BINCO</subfield>
    <subfield code="b">BINCO</subfield>
    <subfield code="d">2022-09-21</subfield>
    <subfield code="l">0</subfield>
    <subfield code="o">891.733 T654</subfield>
    <subfield code="p">B32165</subfield>
    <subfield code="r">2022-09-21 00:00:00</subfield>
    <subfield code="w">2022-09-21</subfield>
    <subfield code="y">LGB</subfield>
    <subfield code="k">12</subfield>
  </datafield>
  <datafield tag="999" ind1=" " ind2=" ">
    <subfield code="c">68195</subfield>
    <subfield code="d">68195</subfield>
  </datafield>
</record>
